Statistiques concernant Capitaines du Tournoi des 6 Nations 2024.

Cliquez ici pour prendre le quiz!

Statistiques générales

  • Ce quiz a été pris 30 fois
  • Le résultat moyen est 4 sur 6

Statistiques - réponses

Réponse% Correct
Grégory Alldritt
100%
Finn Russell
89%
Jamie George
57%
Peter O'Mahony
46%
Michele Lamaro
36%
Dafydd Jenkins
25%

Distribution des résultats

Percentile par nombre de réponses

% des personnes avec chaque résultat

Votre développement - résultats

Vous n’avez pas pris ce quiz